00851nam a22002417a 450000500170000001000130001702000210003003500130005103700160006404000120008008200190009210000280011124500640013926000470020327000450025030000260029550000510032165000320037265000320040494200280043699900190046495201260048320170124105958.0 aA-943905 a817629098c00.00 aA-943905 bCen Lib/Ret aDPLbEN a347.54017bMUK aMukherjee, Roma 988876 aWomen, law and free legal aid in india /cby Roma Mukherjee aNew DelhibDeep & Deep Publications c1998 aF-159, rajouri gardenbNew Delhie110027 axiv, 174p.c25cm(pbk) aIncludes bibliographical references and index  aConstitutionzIndia 988877 aLegal aaid services 988878 2ddccENh347.54017mMUK c125697d125697 00104070aLbLd2015-06-23eCen Lib/Retg0.00l0o347.54017 MUKpA-943905r2015-06-23 00:00:00t1v0.00w2015-06-23yEN